Small-scale seed production : (Record no. 1115)

MARC details
000 -LEADER
fixed length control field 00601nam a22001937a 4500
005 - DATE AND TIME OF LATEST TRANSACTION
control field 20240402104151.0
008 - FIXED-LENGTH DATA ELEMENTS--GENERAL INFORMATION
fixed length control field 240402b |||||||| |||| 00| 0 eng d
020 ## - INTERNATIONAL STANDARD BOOK NUMBER
International Standard Book Number 9077073434
040 ## - CATALOGING SOURCE
Original cataloging agency KMU
Transcribing agency KMU
Modifying agency KMU
050 ## - LIBRARY OF CONGRESS CALL NUMBER
Classification number SB 117 Bur
100 ## - MAIN ENTRY--PERSONAL NAME
Personal name Burg, Harry van den
245 ## - TITLE STATEMENT
Title Small-scale seed production :
Remainder of title with variety improvement of cereals and pulses /
Statement of responsibility, etc. Harry van den Burg
260 ## - PUBLICATION, DISTRIBUTION, ETC.
Place of publication, distribution, etc. Wageningen :
Name of publisher, distributor, etc. Agromisa Foundation ,
Date of publication, distribution, etc. 2004.
300 ## - PHYSICAL DESCRIPTION
Extent 92 pages ;
Other physical details illus. :
Dimensions 21 cm.
490 ## - SERIES STATEMENT
Series statement Agrodok-series No. 37
650 ## - SUBJECT ADDED ENTRY--TOPICAL TERM
Topical term or geographic name entry element Seed technology
650 ## - SUBJECT ADDED ENTRY--TOPICAL TERM
Topical term or geographic name entry element Seed farming
942 ## - ADDED ENTRY ELEMENTS (KOHA)
Source of classification or shelving scheme Library of Congress Classification
Koha item type Non-Fiction
Suppress in OPAC No
Holdings
Withdrawn status Lost status Source of classification or shelving scheme Damaged status Not for loan Collection Home library Current library Shelving location Date acquired Source of acquisition Total Checkouts Full call number Barcode Date last seen Price effective from Koha item type
    Library of Congress Classification     Non-fiction Kapasa Makasa University Kapasa Makasa University Open Access 02.04.2024 Book Aid   SB 117 Bur 743851 02.04.2024 02.04.2024 Non-Fiction
    Library of Congress Classification     Non-fiction Kapasa Makasa University Kapasa Makasa University Open Access 02.04.2024 Book Aid   SB 117 Bur 743852 02.04.2024 02.04.2024 Non-Fiction